Central Library OPAC University of Rajshahi

Elements of statistical computing : (Record no. 67585)

MARC details
000 -LEADER
fixed length control field 00693nam a2200229 a 4500
001 - CONTROL NUMBER
control field 67585
003 - CONTROL NUMBER IDENTIFIER
rucl marc code BD-RjUL
005 - DATE AND TIME OF LATEST TRANSACTION
control field 20211209081655.0
008 - FIXED-LENGTH DATA ELEMENTS--GENERAL INFORMATION
fixed length control field 170327s1988 nyu 001 0 eng d
020 ## - INTERNATIONAL STANDARD BOOK NUMBER
International Standard Book Number 0412013711
035 ## - SYSTEM CONTROL NUMBER
System control number (BD-RjUL)67716
040 ## - CATALOGING SOURCE
Original cataloging agency BD-RjUL
Language of cataloging eng
Transcribing agency BD-RjUL
Modifying agency BD-RjUL
041 ## - LANGUAGE CODE
Language code of text/sound track or separate title eng
082 ## - DEWEY DECIMAL CLASSIFICATION NUMBER
Edition number 23
Classification number 519.50285
Author mark and year THE 1988
100 1# - MAIN ENTRY--PERSONAL NAME
Personal name Thisted, Ronald A.
9 (RLIN) 200255
245 10 - TITLE STATEMENT
Title Elements of statistical computing :
Remainder of title numerical computation /
Statement of responsibility, etc. Ronald A. Thisted
260 ## - PUBLICATION, DISTRIBUTION, ETC. (IMPRINT)
Place of publication, distribution, etc. London :
Name of publisher, distributor, etc. Chapman and Hall,
Date of publication, distribution, etc. c1988
300 ## - PHYSICAL DESCRIPTION
Pagination xx, 427 p. ;
Size 24 cm
504 ## - BIBLIOGRAPHY, ETC. NOTE
Bibliography, etc Includes bibliography
650 #0 - SUBJECT ADDED ENTRY--TOPICAL TERM
Topical term or geographic name as entry element Mathematical statistics
General subdivision Data processing
9 (RLIN) 200256
942 ## - ADDED ENTRY ELEMENTS (KOHA)
Source of classification or shelving scheme Dewey Decimal Classification
Koha item type Books
Holdings
Lost status Source of classification or shelving scheme Damaged status Not for loan Collection code Permanent Location Current Location Shelving location Date acquired Source of acquisition Total Checkouts Full call number Date last seen Copy number Koha item type
  Dewey Decimal Classification   Not For Loan Non-fiction Central Library, University of Rajshahi Central Library, University of Rajshahi Reading Room 14/09/2008 R.U.C.L, Prosasok.   519.50285 THE 1988 27/03/2017 C-1 Books